000 00464nam a2200193Ia 4500
005 20230707113652.0
008 131103s9999 xx 000 0 und d
020 _c15s.net
040 _aLoreto College
041 _aEnglish
082 _aF
_bFER
100 _aFerrars,Elizabeth
245 _aNinth Life
_cElizabeth Ferrars
260 _aLondon
_bThe Crime Club
_c1965
300 _a191 p.
650 _aFiction in English
850 _aLCLIB
942 _cBK
999 _c15962
_d66441